| 000 | 00376cam a2200157ua 4500 | ||
|---|---|---|---|
| 003 | OSt | ||
| 008 | 241224b |||||||| |||| 00| 0 eng d | ||
| 041 | _aeng | ||
| 082 |
_a621.319 _bBAR/FA |
||
| 100 |
_aBartho, F T. _96578 |
||
| 245 | _aFactory electrification / | ||
| 260 |
_aLondon : _bMcDonald , _c1961. |
||
| 300 | _a398 ; . | ||
| 700 | 1 |
_aPike, C H . _96579 |
|
| 942 | _cBK | ||
| 999 |
_c7096 _d7096 |
||